Về thủ tục hành chính và việc bảo đảm thực hiện quyền con người ở nước ta /

שמור ב:
מידע ביבליוגרפי
מחבר ראשי: Lê Hồng Sơn, ThS.
פורמט: Bài viết
שפה:Vietnamese
נושאים:
תגים: הוספת תג
אין תגיות, היה/י הראשונ/ה לתייג את הרשומה!
Thư viện lưu trữ: Thư viện Trường Đại học Đà Lạt
LEADER 00828nam a2200265 4500
001 DLU090090536
005 ##20090526
040 # # |a DLU  |b vie 
041 # # |a vie 
044 # # |a vn 
100 # # |a Lê Hồng Sơn,  |c ThS. 
245 # # |a Về thủ tục hành chính và việc bảo đảm thực hiện quyền con người ở nước ta /  |c Lê Hồng Sơn. 
653 # # |a Bảo đảm thực hiện 
653 # # |a Quyền con người 
653 # # |a Thủ tục hành chính 
773 # # |t Nhà nước và pháp luật  |g Số 3, 1999, tr. 13-21 
920 # # |a Phòng Tạp chí -- Trung tâm Thông tin - Thư viện Trường Đại học Đà Lạt 
994 # # |a DLU 
900 # # |a True 
911 # # |a Nguyễn Thị Mai Anh 
925 # # |a G 
926 # # |a A 
927 # # |a BB 
980 # # |a Thư viện Trường Đại học Đà Lạt